01655cam a2200373 a 4500001001400000003000800014005001700022006001900039007001500058008004100073020003800114040003000152049002600182050002200208082001400230100002600244245020800270260005300478300003500531520027100566521001700837588004700854504005100901650003200952650001900984650003301003655002901036700002001065710001601085776003501101856011001136942001601246999001901262EDZ0000063595StDuBDS20161031105143.0m||||||||d||||||||cr |||||||||||120315s2010 cau fo| 001|0|eng|d a9781452230375 (ebook) :cNo price aStDuBDSbengcStDuBDSepn aAlfaisal Main Library 0aHM1261b.B88 201004a158.42231 aBurtis, John Orville.10aLeadership communication as citizenshiph[electronic resource] :bgive direction to your team, organization, or community as a doer, follower, guide, manager, or leader /cJohn O. Burtis, Paul D. Turman. aThousand Oaks, Calif. ;aLondon :bSAGE,cc2010. a1 online resource (xx, 247 p.)8 aThe authors articulate the important roles communication plays in co-constructing group, organizational, or community direction and on the skills to help co-construct direction in one's systems while playing the roles of doer, follower, guide manager, and/or leader. aSpecialized. aDescription based on print version record. aIncludes bibliographical references and index. 0aLeadershipxSocial aspects. 0aCommunication. 0aInterpersonal communication. 7aElectronic books.2local1 aTurman, Paul D.2 aSage eBooks08iPrint version :z978141295500340uhttp://ezproxy.alfaisal.edu/login?url=http://sk.sagepub.com/books/leadership-communication-as-citizenship 2lcccEBOOKS c480461d480461